|
|
|
|
| LEADER |
00000naa2a2200000 4500 |
| 001 |
381335 |
| 005 |
20231101062821.0 |
| 035 |
|
|
|a (RuTPU)RU\TPU\prd\3733
|
| 090 |
|
|
|a 381335
|
| 100 |
|
|
|a 20020508a2002 k y0rusy50 ca
|
| 101 |
0 |
|
|a rus
|
| 102 |
|
|
|a RU
|
| 200 |
1 |
|
|a Гидравлические усилители нагрузки повышают эффективность бурения
|f Корлес А. Джайлс, Сисахей, Джон В. Брукс, Джонетти
|
| 225 |
1 |
|
|a Нефть мира
|
| 320 |
|
|
|a Библиогр.: 2 назв.
|
| 461 |
|
1 |
|0 (RuTPU)RU\TPU\prd\1175
|x 0202-4578
|t Нефтегазовые технологии
|o научно-технический журнал
|f World Oil ; Pipe Line Industry ; Gulf Publishing Company
|d 1994-
|
| 463 |
|
1 |
|0 (RuTPU)RU\TPU\prd\2061
|t № 1
|v С. 50-54
|d 2002
|
| 610 |
1 |
|
|a гидравлические устройства
|
| 610 |
1 |
|
|a усилители
|
| 610 |
1 |
|
|a нагрузки
|
| 610 |
1 |
|
|a бурение
|
| 610 |
1 |
|
|a эффективность
|
| 610 |
1 |
|
|a использование
|
| 610 |
1 |
|
|a скважины
|
| 610 |
1 |
|
|a инструменты
|
| 701 |
|
1 |
|a Джайлс
|b К. А.
|g Карлес А.
|
| 701 |
|
1 |
|a Сисахей
|b Т.
|g Тони
|
| 701 |
|
1 |
|a Брукс
|b Д. В.
|g Джон В.
|
| 701 |
|
1 |
|a Джонетти
|b В.
|g Вилмар
|
| 801 |
|
1 |
|a RU
|b 63413507
|c 20020508
|g PSBO
|
| 801 |
|
2 |
|a RU
|b 63413507
|c 20120112
|g PSBO
|
| 942 |
|
|
|c BK
|